AN ASSESSMENT OF THE EFFECTS OF STRATEGIC INNOVATION AND COMPETITIVENESS OF THE SUPPLY CHAIN MANAGEMENT (Record no. 216057)
[ view plain ]
| 000 -LEADER | |
|---|---|
| fixed length control field | 00502nam a22001457a 4500 |
| 008 - FIXED-LENGTH DATA ELEMENTS--GENERAL INFORMATION | |
| fixed length control field | 250901b |||||||| |||| 00| 0 eng d |
| 050 ## - LIBRARY OF CONGRESS CALL NUMBER | |
| Classification number | RES HD 38.5 .M36 2017 |
| Item number | C. 1 |
| 100 ## - MAIN ENTRY--PERSONAL NAME | |
| Personal name | MAMBOLEO, MORINWA DOUGLAS |
| 245 ## - TITLE STATEMENT | |
| Title | AN ASSESSMENT OF THE EFFECTS OF STRATEGIC INNOVATION AND COMPETITIVENESS OF THE SUPPLY CHAIN MANAGEMENT |
| Remainder of title | A CASE OF SANGANYI TEA FACTORY |
| 260 ## - PUBLICATION, DISTRIBUTION, ETC. | |
| Place of publication, distribution, etc. | KISII |
| Name of publisher, distributor, etc. | KSU |
| Date of publication, distribution, etc. | 2017 |
| 300 ## - PHYSICAL DESCRIPTION | |
| Extent | VII, 40P.,ILL; |
| 500 ## - GENERAL NOTE | |
| General note | INCLUDES REFERENCES |
| 942 ## - ADDED ENTRY ELEMENTS (KOHA) | |
| Source of classification or shelving scheme | Library of Congress Classification |
| Koha item type | Reference |
No items available.